[Event "Galicia-ch U18"]
[Site "Padron"]
[Date "2020.02.25"]
[Round "8"]
[White "Rodriguez Ferreiros, Andres"]
[Black "Morales Rejas, Oscar"]
[Result "0-1"]
[WhiteElo "2047"]
[BlackElo "1848"]
[PlyCount "92"]
[EventDate "2020.02.22"]
[EventType "swiss"]
[EventRounds "8"]
[EventCountry "ESP"]
[SourceTitle "EXT 2023"]
[Source "ChessBase"]
[SourceDate "2022.10.05"]
[SourceVersion "1"]
[SourceVersionDate "2022.10.05"]
[SourceQuality "1"]

1. e4 e6 2. d4 d5 3. Nd2 Nf6 4. e5 Nfd7 5. Bd3 c5 6. c3 Nc6 7. Ngf3 g6 8. 0-0 Bg7 9. Re1 0-0 10. b3 cxd4 11. cxd4 Qb6 12. Bb2 f6 13. Rc1 fxe5 14. dxe5 Ndxe5 15. Nxe5 Nxe5 16. Bxe5 Bxe5 17. Rxe5 Qxf2+ 18. Kh1 Qd4 19. Qe2 Rf2 20. Nf3 Rxe2 21. Bxe2 Qb6 22. h4 Bd7 23. h5 Kg7 24. Bd3 Rf8 25. Rf1 Bb5 26. Bxb5 Qxb5 27. Rfe1 Rf5 28. hxg6 hxg6 29. Rxe6 Rh5+ 30. Kg1 Qc5+ 31. R6e3 Rh8 32. Kf1 Rh1+ 33. Ke2 Qc2+ 34. Nd2 Rxe1+ 35. Kxe1 d4 36. Re4 d3 37. Rc4 Qb2 38. a4 Qa1+ 39. Kf2 Qd1 40. Rc7+ Kh6 41. Nf3 Qe2+ 42. Kg1 d2 43. Nxd2 Qxd2 44. Rxb7 a6 45. b4 Qd1+ 46. Kh2 Qxa4 0-1

[Event "Ponteareas op 2nd"]
[Site "Ponteareas"]
[Date "2019.04.20"]
[Round "3"]
[White "Vicente Rodriguez, Modesto"]
[Black "Morales Rejas, Oscar"]
[Result "1/2-1/2"]
[WhiteElo "1370"]
[BlackElo "1623"]
[PlyCount "119"]
[EventDate "2019.04.20"]
[EventType "swiss"]
[EventRounds "5"]
[EventCountry "ESP"]
[SourceTitle "CBM 190 Extra"]
[Source "ChessBase"]
[SourceDate "2019.07.15"]
[SourceVersion "1"]
[SourceVersionDate "2019.07.15"]
[SourceQuality "1"]

1. b3 Nf6 2. Bb2 d5 3. e3 g6 4. Nf3 Bg7 5. h3 c5 6. g4 0-0 7. Bg2 Nc6 8. g5 Ne8 9. Bxg7 Nxg7 10. d4 cxd4 11. Nxd4 e5 12. Ne2 Be6 13. h4 Rc8 14. Nbc3 d4 15. exd4 exd4 16. Ne4 Ne8 17. Nf4 Nb4 18. 0-0 Bf5 19. Qf3 Bxe4 20. Qxe4 Nd6 21. Qf3 Nxc2 22. Rac1 Nb4 23. a3 Rxc1 24. Rxc1 Nc6 25. Nd5 Kg7 26. Nf6 Ne8 27. h5 Kh8 28. Ne4 f5 29. Nc5 Qxg5 30. Re1 Ng7 31. hxg6 Qxg6 32. Qf4 Nh5 33. Qf3 Rg8 34. Nd3 Qg4 35. Kf1 Qxf3 36. Bxf3 Nf6 37. Re6 Ne4 38. Bxe4 fxe4 39. Rxe4 Rd8 40. b4 Kg7 41. b5 Na5 42. Ke2 Kf6 43. Ne5 b6 44. Nd3 Nb7 45. f3 Nc5 46. Rh4 Re8+ 47. Kd2 Kg6 48. Rg4+ Kf6 49. Rh4 Kg6 50. Rg4+ Kh5 51. Rg7 Nxd3 52. Kxd3 Re3+ 53. Kxd4 Rxa3 54. Rxh7+ Kg6 55. Rh3 a5 56. bxa6 Rxa6 57. Rh1 Ra8 58. Kc4 Rb8 59. Kb5 Kg5 60. Re1 1/2-1/2

[Event "Pontevedra op-B 6th"]
[Site "Pontevedra"]
[Date "2018.08.13"]
[Round "8"]
[White "Morales Rejas, Oscar"]
[Black "Vazquez Alvarez, Diego"]
[Result "0-1"]
[WhiteElo "1658"]
[BlackElo "1837"]
[PlyCount "70"]
[EventDate "2018.08.08"]
[EventType "swiss"]
[EventRounds "9"]
[EventCountry "ESP"]
[SourceTitle "CBM 186 Extra"]
[Source "ChessBase"]
[SourceDate "2018.08.24"]
[SourceVersion "1"]
[SourceVersionDate "2018.08.24"]
[SourceQuality "1"]

1. e4 e5 2. Nf3 Nc6 3. Bc4 Nf6 4. d3 Bc5 5. 0-0 d6 6. c3 Bg4 7. h3 Bh5 8. Nbd2 0-0 9. a4 a6 10. Re1 Qd7 11. Nf1 h6 12. Ng3 Bg6 13. Nh4 Ne7 14. Qf3 Kh7 15. b4 Ba7 16. Bb2 c6 17. Bb3 Rae8 18. Rad1 Nc8 19. Nhf5 Bxf5 20. Nxf5 Ne7 21. Nxe7 Rxe7 22. c4 Rfe8 23. d4 exd4 24. Bxd4 Bxd4 25. Rxd4 Qe6 26. Qd3 Kg8 27. Rxd6 Qe5 28. f3 Nh5 29. c5 Qg3 30. Qd2 Nf4 31. Kh1 Re5 32. Bc4 Rg5 33. Rd7 Nxg2 34. Bxf7+ Kh8 35. Re2 Nf4 0-1

[Event "Pontevedra op-B 6th"]
[Site "Pontevedra"]
[Date "2018.08.12"]
[Round "6"]
[White "Morales Rejas, Oscar"]
[Black "Cereijo Suarez, Alejandro"]
[Result "1-0"]
[WhiteElo "1658"]
[BlackElo "1378"]
[PlyCount "49"]
[EventDate "2018.08.08"]
[EventType "swiss"]
[EventRounds "9"]
[EventCountry "ESP"]
[SourceTitle "CBM 186 Extra"]
[Source "ChessBase"]
[SourceDate "2018.08.24"]
[SourceVersion "1"]
[SourceVersionDate "2018.08.24"]
[SourceQuality "1"]

1. e4 c5 2. Nf3 e6 3. d4 cxd4 4. Nxd4 a6 5. Nc3 Qc7 6. a3 b5 7. Bd3 Bb7 8. 0-0 Nf6 9. Re1 d5 10. exd5 Nxd5 11. Nxd5 Bxd5 12. Qg4 Nc6 13. Bf4 Bd6 14. Bxd6 Qxd6 15. Nf5 Qc7 16. a4 0-0-0 17. axb5 Ne5 18. Ne7+ Kb8 19. Nxd5 exd5 20. Qa4 Nxd3 21. cxd3 a5 22. Rec1 Qa7 23. Rc6 Rhe8 24. Ra6 Qe7 25. Qxa5 1-0